<?xml version="1.0" encoding="UTF-8"?>
<collection xmlns="http://www.loc.gov/MARC21/slim">
 <record>
  <leader>00696cam a2200169 7i4500</leader>
  <controlfield tag="001">0000008225</controlfield>
  <controlfield tag="005">20020528090000.0</controlfield>
  <datafield tag="020" ind1="0" ind2="0">
   <subfield code="a">0929355407 </subfield>
  </datafield>
  <datafield tag="035" ind1="0" ind2="0">
   <subfield code="a">0229-47860</subfield>
  </datafield>
  <datafield tag="090" ind1="0" ind2="0">
   <subfield code="a">SH 135 </subfield>
   <subfield code="b">A656 1993</subfield>
  </datafield>
  <datafield tag="110" ind1="2" ind2="0">
   <subfield code="a">Aquacultural Engineering Conference (1993 :(:</subfield>
   <subfield code="c">Spokane, Washington).)</subfield>
  </datafield>
  <datafield tag="245" ind1="1" ind2="0">
   <subfield code="a">Techniques for modern aquaculture : </subfield>
   <subfield code="b">proceedings of an Aquacultural Engineering Conference sponsored by the AquculturalEngineering Group  </subfield>
   <subfield code="c">edited by Jaw-Kai Wang..</subfield>
  </datafield>
  <datafield tag="260" ind1="0" ind2="0">
   <subfield code="a">Michigan: </subfield>
   <subfield code="b">American Society of Agricultural Engineers, </subfield>
   <subfield code="c">1993..</subfield>
  </datafield>
  <datafield tag="300" ind1="#" ind2="#">
   <subfield code="a">217p.: </subfield>
   <subfield code="b">ill.; </subfield>
   <subfield code="c">25cm..</subfield>
  </datafield>
  <datafield tag="650" ind1="0" ind2="0">
   <subfield code="a">Aquaculture -- </subfield>
   <subfield code="x">Congresses. </subfield>
  </datafield>
  <datafield tag="700" ind1="1" ind2="1">
   <subfield code="a">Jaw-Kai Wang. </subfield>
  </datafield>
  <datafield tag="999" ind1=" " ind2=" ">
   <subfield code="a">1000388130</subfield>
   <subfield code="b">Book</subfield>
   <subfield code="c">Open Shelf</subfield>
   <subfield code="e">KOLEKSI TERBUKA</subfield>
  </datafield>
 </record>
</collection>
